| 000 | 00528cam a2200169u 4500 | ||
|---|---|---|---|
| 082 |
_a671.52 _bBAR _cl-24, p-8 |
||
| 100 | 1 |
_aBardtke, Paul, _945028 |
|
| 245 | 1 | 0 | _aTechnique of modern welding, |
| 260 |
_aLondon and Glasgow, _bBlackie & son limited, _c1933. |
||
| 300 |
_axi, 299 p. _bincl. illus., diagrs. _c23 cm. |
||
| 526 |
_a0 _b0 _c0 _d671_520000000000000_BAR |
||
| 650 | 0 |
_aMCE _9379 |
|
| 650 | 0 |
_aMetal-cutting. _934549 |
|
| 650 | 0 |
_aWelding. _9189 |
|
| 700 | 1 |
_aKenney, Harold, [from old catalog] _945029 |
|
| 942 |
_2ddc _cBK |
||
| 999 |
_c548640 _d548640 |
||